ბათუმის შოთა რუსთაველის სახელმწიფო უნივერსიტეტის ბიბლიოთეკა

Fundamentals of Neural Networks. (ბიბ.ჩანაწერი № 49219)

000 -LEADER
fixed length control field 00702nam a2200241Ia 4500
001 - CONTROL NUMBER
control field 16131
003 - CONTROL NUMBER IDENTIFIER
control field GE_BSU
008 - FIXED-LENGTH DATA ELEMENTS--GENERAL INFORMATION
fixed length control field 181216s||||||||xx |||||||||||||| ||und||
020 ## - INTERNATIONAL STANDARD BOOK NUMBER
International Standard Book Number 9788131700532
040 ## - CATALOGING SOURCE
Transcribing agency GE_BSU
080 ## - UNIVERSAL DECIMAL CLASSIFICATION NUMBER
Universal Decimal Classification number 519.688+004
100 ## - MAIN ENTRY--PERSONAL NAME
Personal name Fausett,Laurene
245 ## - TITLE STATEMENT
Title Fundamentals of Neural Networks.
245 ## - TITLE STATEMENT
Remainder of title Architectures, Algoritms and Applications
260 ## - PUBLICATION, DISTRIBUTION, ETC.
Date of publication, distribution, etc. 1994
300 ## - PHYSICAL DESCRIPTION
Extent 467p.24cm.
653 ## - INDEX TERM--UNCONTROLLED
Uncontrolled term Architectures, Algoritms and Applications
653 ## - INDEX TERM--UNCONTROLLED
Uncontrolled term Fundamentals of Neural Networks.
653 ## - INDEX TERM--UNCONTROLLED
Uncontrolled term ინფორმატიკა
653 ## - INDEX TERM--UNCONTROLLED
Uncontrolled term საინფორმაციო ტექნოლოგიები
942 ## - ADDED ENTRY ELEMENTS (KOHA)
Koha item type წიგნი
ეგზემპლარები
Withdrawn status Lost status Damaged status Not for loan Date acquired Barcode Date last seen Price effective from Koha item type
        2018-12-17 40302 2018-12-17 2018-12-17 წიგნი